| 000 | 004530000a22001690004500 | ||
|---|---|---|---|
| 003 | LK-CoMWRAF | ||
| 008 | 230817t ||||| |||| 00| 0 eng d | ||
| 040 |
_aLK-CoMWRAF _dLK-CoMWRAF _eLK-CoMWRAF |
||
| 041 | _aeng | ||
| 082 |
_a910 _bDYN |
||
| 245 |
_aThe Dynamo in Silk _b |
||
| 260 |
_bThe All Pakistan Women's Association _aPakistan (Karachi) _c1978 |
||
| 300 | _ap.31 | ||
| 650 | _aBegum Raa'na Liaquat Ali khan | ||
| 650 | _aBiography | ||
| 942 | _cBK | ||
| 999 |
_c1851 _d1851 |
||